|
|
|
|
| LEADER |
00000cam a2200000 7i4500 |
| 001 |
0000007245 |
| 005 |
20151222.0 |
| 008 |
070829 |
| 020 |
|
|
|a 9835701431
|
| 090 |
0 |
0 |
|a SC
|b ENG
|
| 100 |
1 |
|
|a Singleton,Glen
|
| 245 |
1 |
0 |
|a All about space and its technology
|c Glen Singleton & Michael Frank
|
| 260 |
|
|
|a Kuala Lumpur :
|b Gema Insan ,
|c 2006
|
| 440 |
|
0 |
|a All about science series
|
| 500 |
|
|
|a Children ages 10-12 years old (pink)
|
| 650 |
|
0 |
|a Science
|x Study and teaching
|
| 700 |
1 |
|
|a Frank,Michael
|
| 999 |
|
|
|a 0000989045
|b Book
|c Children Collection
|e Perbadanan Perpustakaan Awam Johor
|
| 999 |
|
|
|a 0000989046
|b Book
|c Children Collection
|e Cawangan Taman Universiti
|
| 999 |
|
|
|a 0000989047
|b Book
|c Children Collection
|e Cawangan Sri Merlong
|
| 999 |
|
|
|a 0000989048
|b Book
|c Children Collection
|e Perbadanan Perpustakaan Awam Johor
|